00713nam a22002177a 450000500170000001000260001702000260004303500140006903500140008303700090009708200130010610000250011924500970014425000060024126000390024727000740028630000200036050000660038070000270044670000220047320260506145432.0 aENG-140782 ENG-148368 a9789393662071c150.00 aEN-124314 aEN-131900 bDBAD a005.321 aChatterjee, Sushmita aBasic Dat Analysis Using R-Progaramming/cBy Sushmita Chatterjee; Sumona Datta [and] J.K Das a1 aKolkatabAcademic publishersc2022 a5A Bhawani Dutta LanebKolkatae700073mcontact@academicpublishers.in a98p.c24cm(pbk) aUG Courses Economics Statistics Skill Enhancement Course etc  aDatta, Sumona eAuthor aDas, J.K eAuthor